Physical activity and type 2 diabetes therapeutic effects and mechanisms of action

This work discusses the emergence of an exercise-deficient phenotype and details the effects of exercise training on selected aspects of substrate metabolism. The role of exercise interventions and resistence training programmes for the prevention and treatment of insulin resistance are also covered...

Full description

Saved in:
Bibliographic Details
Other Authors: Hawley, John A. (Editor), Zierath, Juleen R. (Editor)
Format: Book
Language:English
Published: Champaign, IL. Human Kinetics 2008.
Subjects:
Tags: Add Tag
No Tags, Be the first to tag this record!
Call Number :med WK 810 P496 2008

MARC

LEADER 00000nam a2200000 i 4500
001 105703
003 MY-KLNDU
005 20241220042707.0
008 221104 2008 xxua abi 001 0 eng d
020 |a 9780736064798 (hard cover) 
020 |a 0736064796 (hard cover) 
039 9 |a 202211041148  |b VLOAD  |c 201612081220  |d johari  |c 201607291310  |d hasniza  |c 201607251509  |d hasri  |y 201607251509  |z hasri 
040 |a UPNM  |b eng  |c UPNM  |e rda 
060 |a WK 810 
090 |a med WK 810  |b P496 2008 
245 0 0 |a Physical activity and type 2 diabetes  |b therapeutic effects and mechanisms of action  |c editors, John A. Hawley, Juleen R. Zierath. 
264 1 |a Champaign, IL.  |b Human Kinetics  |c 2008. 
300 |a xii, 219 pages  |b illustrations  |c 29 cm. 
336 |a text  |2 rdacontent 
337 |a unmediated  |2 rdamedia 
338 |a volume  |2 rdacarrier 
504 |a Includes bibliographical references and index. 
520 |a This work discusses the emergence of an exercise-deficient phenotype and details the effects of exercise training on selected aspects of substrate metabolism. The role of exercise interventions and resistence training programmes for the prevention and treatment of insulin resistance are also covered. 
592 |a 0000653  |b 16/11/2016  |c RM 387.60  |h PDW 
650 2 |a Diabetes Mellitus, Type 2  |x prevention & control. 
650 2 |a Insulin Resistance  |x physiology. 
650 2 |a Exercise. 
700 1 |a Hawley, John A.,  |e editor. 
700 1 |a Zierath, Juleen R.,  |e editor. 
999 |a vtls000056818  |c 105703  |d 105703